• 首页
  • 本馆介绍
  • 公告通知
  • 最新文献
  • 馆藏检索
  • 电子资源
  • 读者导购
  • 参考咨询
  • 我的图书馆
  • 登录
  • 详细信息显示
  • 放入我的书架
  • 预约/预借图书
  • 作者相关作品
  • 分类相关作品
  • 丛书相关作品
  • 出版社相关作品

书目信息

  • 表格格式
  • 工作单格式
  • 卡片格式
题名:
人的能力
    
 
作者: 斯皮尔曼 著 ;袁军 译
分册:  
出版信息: 杭州   浙江教育出版社  1999
页数: 29,478页
开本: 20cm
丛书名: 20世纪心理学通览
单 册:
中图分类: B848.2
科图分类:
主题词: 能力--研究 , 能力
电子资源:
ISBN: 7-5338-2923-9
000 01160nam0 2200289 450
001 1551106753
005 20150128101135.03
010    @a7-5338-2923-9@dCNY22.00
100    @a20070709d1999 em y0chiy0120 ea
101 1  @achi@ceng
102    @aCN@b330000
105    @af z 000yd
200 1  @a人的能力@ARen De Neng Li@e它们的性质与度量@ETa Men De Xing Zhi Yu Du Liang@f(英)查尔斯·爱德华·斯皮尔曼(Charles Edward Spearman)著@F( Ying ) Cha Er Si· Ai De Hua· Si Pi Er Man (Charles Edward Spearman) Zhu@g袁军译
210    @a杭州@c浙江教育出版社@d1999
215    @a29,478页@c图@d20cm
225 2  @a20世纪心理学通览@h第二辑
300    @a根据纽约麦克米兰出版公司1927年版译出
314    @a查尔斯·爱德华·斯皮尔曼(Charles Edward Spearman,1863~1945),英国心理学家。著有《人的能力:它们的性质与度量》、《“智力”的本质》等。
410  0 @12001 @a20世纪心理学通览@h第二辑
510 1  @aThe abilities of man : Their nature and measurement@zeng
606 0  @a能力@x研究
606 0  @a能力
690    @aB848.2@v4
701  1 @a斯皮尔曼@ASi Pi Er Man@bC.E.@4著
702  0 @a袁军@AYuan Jun@4译
801  0 @aCN@bTSSF@c20150128
905    @aZUCC@dB848.2@eJY4
    
    人的能力:它们的性质与度量/(英)查尔斯·爱德华·斯皮尔曼(Charles Edward Spearman)著/袁军译.-杭州:浙江教育出版社,1999
    29,478页:图;20cm.-(20世纪心理学通览.第二辑 )
    根据纽约麦克米兰出版公司1927年版译出
    
    ISBN 7-5338-2923-9:CNY22.00
    
●
相关链接 在E读中查询图书 在五车中查询图书 在当当中查询图书 在豆瓣中查询图书


正题名:人的能力     索取号:B848.2/JY4         预约/预借

序号 登录号 条形码 馆藏地/架位号 状态 备注
1 7845060   278450604   学院路分馆/ [索取号:B848.2/JY4] 在馆    
2 7845061   278450613   学院路分馆/ [索取号:B848.2/JY4] 在馆    
3 7845062   278450622   学院路分馆/ [索取号:B848.2/JY4] 在馆    
4 7845063   278450631   学院路分馆/ [索取号:B848.2/JY4] 在馆    
5 7857219   278572199   学院路分馆/ [索取号:B848.2/JY4] 在馆    
唐山师范学院图书馆 欢迎您!
大连网信软件有限公司© 版权所有